A brief handbook of information for school trustees. (Record no. 20486)
[ view plain ]
| 000 -LEADER | |
|---|---|
| fixed length control field | 00792cam a22002291 4500 |
| 001 - CONTROL NUMBER | |
| control field | e 21000541 |
| 003 - CONTROL NUMBER IDENTIFIER | |
| control field | DLC |
| 005 - DATE AND TIME OF LATEST TRANSACTION | |
| control field | 20260227111212.0 |
| 008 - FIXED-LENGTH DATA ELEMENTS--GENERAL INFORMATION | |
| fixed length control field | 760715s1921 txu s000 0 eng c |
| 010 ## - LIBRARY OF CONGRESS CONTROL NUMBER | |
| LC control number | e 21000541 |
| 035 ## - SYSTEM CONTROL NUMBER | |
| System control number | (OCoLC)2314358 |
| 040 ## - CATALOGING SOURCE | |
| Original cataloging agency | U.S. Bur. of education |
| Transcribing agency | TxDW |
| Modifying agency | OCoLC |
| -- | DLC |
| 042 ## - AUTHENTICATION CODE | |
| Authentication code | premarc |
| 050 00 - LIBRARY OF CONGRESS CALL NUMBER | |
| Classification number | LB2801.T4 |
| Item number | A5 1921 |
| 110 1# - MAIN ENTRY--CORPORATE NAME | |
| Corporate name or jurisdiction name as entry element | Texas. |
| Subordinate unit | State Department of Education. |
| 245 12 - TITLE STATEMENT | |
| Title | A brief handbook of information for school trustees. |
| Statement of responsibility, etc. | Annie Webb Blanton, state superintendent of public instruction ... Issued by the Department of Education, state of Texas. |
| 260 ## - PUBLICATION, DISTRIBUTION, ETC. | |
| Place of publication, distribution, etc. | [Austin? |
| Date of publication, distribution, etc. | 1921] |
| 300 ## - PHYSICAL DESCRIPTION | |
| Extent | 10 p. |
| Dimensions | 22 cm. |
| 490 0# - SERIES STATEMENT | |
| Series statement | Bulletin, |
| Volume/sequential designation | no. 131, July, 1921 |
| 650 #0 - SUBJECT ADDED ENTRY--TOPICAL TERM | |
| Topical term or geographic name entry element | Education |
| Geographic subdivision | Texas. |
| 650 #0 - SUBJECT ADDED ENTRY--TOPICAL TERM | |
| Topical term or geographic name entry element | Educational law and legislation |
No items available.